000 00652nam a2200241Ia 4500
003 OSt
005 20220918211216.0
006 a|||||r|||| 00| 0
007 ta
008 220917b |||||||| |||| 00| 0 eng d
024 _a123,726
037 _cTextual
040 _aARTS
_cARTS
_beng
041 _2eng
_aeng
082 _aWz7, L12
100 _aJackson Robert J
_9106709
245 0 _aIssues in comparative politics
_b a text with readings
260 _c1971
650 _aPOLITICAL SCIENCE
700 _a Stein Michael B
_9120282
942 _hWz7, L12
_cTEXL
_2CC
999 _c246915
_d246915